| 000 | 01731nam a2200385 c 4500 | ||
|---|---|---|---|
| 999 |
_c139459 _d139459 |
||
| 003 | BLK | ||
| 005 | 20230714005156.0 | ||
| 008 | 180409b bul|||||r ||||||| ||bul|| | ||
| 010 | _aKNG00145503000 | ||
| 040 | _aBLK | ||
| 041 |
_aBUL _cBUL |
||
| 080 |
_aЕксплоатация на водния транспорт _b656.6 _z656.6 |
||
| 100 | 1 |
_aХанке, Хелмут _eпърви автор _9326721 |
|
| 139 |
_aХанке, Хелмут _bХ 25 |
||
| 245 | 1 | 0 |
_aМорякът, смъртта и дяволът _bИст. очерк _cХелмут Ханке; прев. от нем. Здравко Калчев; ил. Стоимен Иванов Стоилов. |
| 257 | _aDEU | ||
| 260 |
_aВарна _bДърж. изд. _c1973 |
||
| 300 |
_a311 с. _bс ил. _c21 см |
||
| 380 | _a62 | ||
| 490 |
_aБиблиотека Морета, брегове и хора _v27 _9205773 |
||
| 500 | _aОриг. загл. Seemann, Tod und Teufel. - 35 100 тир. - Моряшкият труд и бит от праист. време до нашия век. | ||
| 650 | 4 |
_aМоряци - бит и обичаи _9326723 |
|
| 650 | 4 |
_aМорски пътешествия - история _9245445 |
|
| 650 | 4 |
_aМореплаватели _9162727 |
|
| 700 | 1 |
_aКалчев, Здравко _eпрев. от нем. _9326722 |
|
| 700 |
_aСтоилов, Стоимен Иванов _d1944- _gБългарски график и живописец _9374518 |
||
| 852 | _aЦб 67189 | ||
| 856 | 4 | _qpdf | |
| 856 | 4 | _qpdf | |
| 942 |
_cKNG _n0 _s1 |
||
| 944 |
_aCR _c29.10.2015 _k _lCRON CRON |
||
| 944 |
_aED _c20.09.2017 _kКети_Илиева |
||
| 944 |
_aED _c2022-07-14 _kХристина Везирева |
||
| 999 | _d139459 | ||